000 00439nam a22001817a 4500
003 MPLRDC
005 20220104113913.0
008 210129b ||||| |||| 00| 0 eng d
020 _a7-5306-0092-3
082 _a857.63 HY v.15
100 _a华严
245 _a明月几时圆
_c
250 _a一版一刷
260 _a
_b百花文艺出版社
_c1988
300 _b
650 _a短篇小说--别集
942 _cBK
_o857.63 HY v.15
999 _c3260
_d3250